00830nam a2200229 a 450000100060000000300080000600500170001400800410003103500190007204000340009104100080012508200280013324501540016125000120031526000580032730000270038550000560041265000200046865000340048865000310052270000470055321335BD-RjUL20211209000655.0140304r19611948pk 000 1 eng d a(BD-RjUL)21399 aANLbengcANLdNSL:RdBD-RjUL aeng14a891.43915219bPER 196110aPersian psalms (Zabur - i `Ajam), parts I & II /ctranslated into English verse from the Persian of the late Sir Muhammad Iqbal by Arthur J. Arberry. a1st ed. aLahore :bSh. Muhammad Ashraf,c1948 [reprinted 1961] aviii, 127 p. :c22 cm. aCover title: Persian psalms : Iqbal's Zabur-i-Ajam. 0aIslamic poetry. 0aPoets, Persiany20th century. 0aPoets, Urduy20th century.1 aArberry, A. J.q(Arthur John),d1905-1969.